Prospects for developing a regional bond market in eastern Africa / (Record no. 2711)

MARC details
000 -LEADER
fixed length control field 01151cam a2200325 a 4500
001 - CONTROL NUMBER
control field 13915123
003 - CONTROL NUMBER IDENTIFIER
control field OSt
005 - DATE AND TIME OF LATEST TRANSACTION
control field 20230626123437.0
008 - FIXED-LENGTH DATA ELEMENTS--GENERAL INFORMATION
fixed length control field 050329s2005 ke a b 000 0 eng
010 ## - LIBRARY OF CONGRESS CONTROL NUMBER
LC control number 2005328220
020 ## - INTERNATIONAL STANDARD BOOK NUMBER
International Standard Book Number 9966948422
020 ## - INTERNATIONAL STANDARD BOOK NUMBER
International Standard Book Number 9966948546
040 ## - CATALOGING SOURCE
Original cataloging agency DLC
Transcribing agency DLC
Modifying agency DLC
042 ## - AUTHENTICATION CODE
Authentication code lcode
043 ## - GEOGRAPHIC AREA CODE
Geographic area code fe-----
082 00 - DEWEY DECIMAL CLASSIFICATION NUMBER
Classification number 332.64
Item number KIB
100 1# - MAIN ENTRY--PERSONAL NAME
Personal name Kibua, T. Nzioki.
245 10 - TITLE STATEMENT
Title Prospects for developing a regional bond market in eastern Africa /
Statement of responsibility, etc. Thomas N. Kibua, Muyundo M. Masinde, Monyoncho K. Maina.
260 ## - PUBLICATION, DISTRIBUTION, ETC. (IMPRINT)
Place of publication, distribution, etc. Nairobi, Kenya :
Name of publisher, distributor, etc. Institute of Policy Analysis and Research,
Date of publication, distribution, etc. 2005.
300 ## - PHYSICAL DESCRIPTION
Extent vii, 54 p. :
Other physical details ill. ;
Dimensions 24 cm.
490 1# - SERIES STATEMENT
Series statement Discussion paper ;
Volume/sequential designation no. 063/2005
504 ## - BIBLIOGRAPHY, ETC. NOTE
Bibliography, etc Includes bibliographical references (p. 40-43).
650 #0 - SUBJECT ADDED ENTRY--TOPICAL TERM
Topical term or geographic name as entry element Bond market
Geographic subdivision Africa, Eastern.
700 1# - ADDED ENTRY--PERSONAL NAME
Personal name Masinde, Muyundo.
700 1# - ADDED ENTRY--PERSONAL NAME
Personal name Maina, Monyoncho K.
830 #0 - SERIES ADDED ENTRY--UNIFORM TITLE
Uniform title Discussion paper (Institute of Policy Analysis and Research (Kenya)) ;
Volume number/sequential designation no. DP 05/063.
906 ## - LOCAL DATA ELEMENT F, LDF (RLIN)
a 7
b cbc
c origode
d 3
e ncip
f 20
g y-gencatlg
942 ## - ADDED ENTRY ELEMENTS (KOHA)
Source of classification or shelving scheme Dewey Decimal Classification
Koha item type Books
Holdings
Withdrawn status Lost status Source of classification or shelving scheme Damaged status Not for loan Home library Current library Date acquired Total Checkouts Full call number Barcode Date last seen Price effective from Koha item type
    Dewey Decimal Classification     County Hall Archives County Hall Archives 06/26/2023   332.64 KIB 10010568 06/26/2023 06/26/2023 Books
LIBRARY OPENING HOURS

When the Parliament is sitting: 8.00a.m - 7.00p.m or until the house adjourns
Mondays and Fridays and when the House is on Recess:  8.00a.m - 5.00p.m
Closed on Weekends and Public Holidays

Online Public Access Catalog (OPAC)
Website: http://www.parliament.go.ke
Bunge Library: https://libraryir.parliament.go.ke
Contact: library@parliament.go.ke | Tel no: (254-2)2221291 or 2848000 Ext 5043